<?xml version="1.0" encoding="UTF-8"?>
<record
    xmlns:xsi="http://www.w3.org/2001/XMLSchema-instance"
    xsi:schemaLocation="http://www.loc.gov/MARC21/slim http://www.loc.gov/standards/marcxml/schema/MARC21slim.xsd"
    xmlns="http://www.loc.gov/MARC21/slim">

  <leader>00908nam a22001937a 4500</leader>
  <controlfield tag="005">20240320111939.0</controlfield>
  <datafield tag="010" ind1=" " ind2=" ">
    <subfield code="a">HIN-127132</subfield>
  </datafield>
  <datafield tag="020" ind1=" " ind2=" ">
    <subfield code="a">9789392228209</subfield>
    <subfield code="c">275.00</subfield>
  </datafield>
  <datafield tag="035" ind1=" " ind2=" ">
    <subfield code="a">HN-99478</subfield>
  </datafield>
  <datafield tag="037" ind1=" " ind2=" ">
    <subfield code="b">DBAD/PUB</subfield>
  </datafield>
  <datafield tag="082" ind1=" " ind2=" ">
    <subfield code="a">320.54</subfield>
  </datafield>
  <datafield tag="100" ind1=" " ind2=" ">
    <subfield code="a">&#x92A;&#x91F;&#x928;&#x93E;&#x92F;&#x915; &#x915;&#x93F;&#x936;&#x928;</subfield>
    <subfield code="9">63614</subfield>
  </datafield>
  <datafield tag="245" ind1=" " ind2=" ">
    <subfield code="a">&#x92D;&#x93E;&#x930;&#x924; &#x936;&#x941;&#x926;&#x94D;&#x930;&#x94B; &#x915;&#x93E; &#x939;&#x94B;&#x917;&#x93E;/</subfield>
    <subfield code="c">&#x915;&#x93F;&#x936;&#x928; &#x92A;&#x91F;&#x928;&#x93E;&#x92F;&#x915; &#x926;&#x94D;&#x935;&#x93E;&#x930;&#x93E; &#x932;&#x93F;&#x916;&#x93F;&#x924; &#x914;&#x930; &#x905;&#x930;&#x935;&#x93F;&#x928;&#x94D;&#x926; &#x92E;&#x94B;&#x939;&#x928; &#x926;&#x94D;&#x935;&#x93E;&#x930;&#x93E; &#x938;&#x92E;&#x94D;&#x92A;&#x93E;&#x926;&#x93F;&#x924;</subfield>
  </datafield>
  <datafield tag="260" ind1=" " ind2=" ">
    <subfield code="a">&#x928;&#x94B;&#x90F;&#x921;&#x93E;</subfield>
    <subfield code="b">&#x938;&#x947;&#x924;&#x941; &#x92A;&#x94D;&#x930;&#x915;&#x93E;&#x936;&#x928; &#x92A;&#x94D;&#x930;&#x93E;. &#x932;&#x940;.</subfield>
    <subfield code="c">2022</subfield>
  </datafield>
  <datafield tag="270" ind1=" " ind2=" ">
    <subfield code="a">&#x938;&#x940;-21, &#x938;&#x947;&#x915;&#x94D;&#x91F;&#x930;-65</subfield>
    <subfield code="b">&#x909;&#x924;&#x94D;&#x924;&#x930; &#x92A;&#x94D;&#x930;&#x926;&#x947;&#x936;</subfield>
    <subfield code="e">201301</subfield>
  </datafield>
  <datafield tag="300" ind1=" " ind2=" ">
    <subfield code="a">126&#x92A;&#x943;&#x937;&#x94D;&#x920;;</subfield>
    <subfield code="c">21&#x938;&#x947;&#x92E;&#x940;(&#x938;&#x91C;&#x93F;&#x932;&#x94D;&#x926;)</subfield>
  </datafield>
  <datafield tag="710" ind1=" " ind2=" ">
    <subfield code="a">&#x905;&#x930;&#x935;&#x93F;&#x928;&#x94D;&#x926; &#x92E;&#x94B;&#x939;&#x928;</subfield>
    <subfield code="e">&#x938;&#x902;&#x92A;&#x93E;&#x926;&#x915;</subfield>
    <subfield code="9">63615</subfield>
  </datafield>
  <datafield tag="942" ind1=" " ind2=" ">
    <subfield code="2">ddc</subfield>
    <subfield code="c">HN</subfield>
    <subfield code="h">320.54</subfield>
    <subfield code="m">&#x92A;&#x91F;&#x928;&#x93E;</subfield>
  </datafield>
  <datafield tag="999" ind1=" " ind2=" ">
    <subfield code="c">201618</subfield>
    <subfield code="d">201618</subfield>
  </datafield>
  <datafield tag="952" ind1=" " ind2=" ">
    <subfield code="0">0</subfield>
    <subfield code="1">0</subfield>
    <subfield code="4">0</subfield>
    <subfield code="7">0</subfield>
    <subfield code="8">NFIC</subfield>
    <subfield code="a">PR</subfield>
    <subfield code="b">PR</subfield>
    <subfield code="d">2024-03-20</subfield>
    <subfield code="e">DBAD/PUB</subfield>
    <subfield code="g">275.00</subfield>
    <subfield code="l">0</subfield>
    <subfield code="o">320.54 &#x92A;&#x91F;&#x928;&#x93E;</subfield>
    <subfield code="p">HN-99478</subfield>
    <subfield code="r">2024-03-20 00:00:00</subfield>
    <subfield code="t">1</subfield>
    <subfield code="v">275.00</subfield>
    <subfield code="w">2024-03-20</subfield>
    <subfield code="y">HN</subfield>
  </datafield>
</record>
